| 000 | 00743cab a2200301 4500 | ||
|---|---|---|---|
| 001 | ABS48390 | ||
| 008 | 090401t1993 xxu||||| |||| 00| 0 eng d | ||
| 035 | _a(Sirsi) u66463 | ||
| 041 | _aeng | ||
| 245 | _aCentrefolio: Scotland | ||
| 260 | _c1993 | ||
| 350 | _a0 | ||
| 490 |
_aCSW - The Property Week _v43(2) 8 April 1993, 25-57(13) |
||
| 650 | _aABERDEEN | ||
| 650 | _aDEVELOPMENT PLANS | ||
| 650 | _aDUNDEE | ||
| 650 | _aEDINBURGH | ||
| 650 | _aGLASGOW | ||
| 650 | _aINDUSTRIAL | ||
| 650 | _aOCCUPIER PROFILES | ||
| 650 | _aOFFICES | ||
| 650 | _aPUBLIC TRANSPORT | ||
| 650 | _aRETAIL | ||
| 650 | _aSCOTLAND | ||
| 690 | _aPROPERTY-COMMERCIAL PROPERTY-COMMERCIAL PROPERTY MARKET | ||
| 942 | _n0 | ||
| 948 | _c04/03/1997 | ||
| 999 |
_c41524 _d41524 |
||